| 000 | 00913nam a2200301Ia 4500 | ||
|---|---|---|---|
| 003 | GCL | ||
| 008 | 140319s9999 xx 000 0 ara d | ||
| 040 |
_aGCL / _cGCL |
||
| 082 | 0 | 4 |
_aق _b916.2 _bس ح |
| 100 | 1 | _aسليمان حزين | |
| 245 | 1 | 0 |
_aحضارة مصر ارض الكنانه / _cسليمان حزين |
| 260 |
_aالقاهرة : _bدار الشروق ، _c1991 |
||
| 300 |
_a325 ص ؛ _c24 سم |
||
| 490 | _a | ||
| 650 | 0 | 4 | _aمصر |
| 650 | 0 | 4 | _aتاريخ |
| 650 | 0 | 4 | _aالجغرافيا الطبيعية |
| 650 | 0 | 4 | _aالسكان |
| 650 | 0 | 4 | _aالبيئة والانسان |
| 650 | 0 | 4 | _aالانثربولوجيا |
| 650 | 0 | 4 | _aنهر النيل |
| 650 | 0 | 4 | _aالحضارة المصرية |
| 650 | 0 | 4 | _aقناة السويس |
| 650 | 0 | 4 | _aالجغرافيا البشرية |
| 650 | 0 | 4 | _aقناة بنما |
| 650 | 0 | 4 | _aالسلام العالمى |
| 942 |
_2ddc _cBK |
||
| 999 |
_c31094 _d31094 |
||